00237nam a2200097Ia 4500008004100000041000800041082001400049100002200063245004500085260000900130240625s9999 xx 000 0 und d aeng a332.1 SUR aSURESH PADMALATHA aMANAGEMENT OF BANKING AND FINANCIAL SERV c2015